000 01514nam a2200361Ia 4500
001 ebr10662923
003 CaPaEBR
006 m u
007 cr cn|||||||||
008 101013s2010 nyua sb 001 0 eng d
010 _z 2010042611
020 _z1611226554 (hardcover)
020 _z9781611226553 (hardcover)
020 _z9781612090382
040 _aCaPaEBR
_cCaPaEBR
035 _a(OCoLC)730472081
050 1 4 _aLB2351.2
_b.H54 2010eb
082 0 4 _a378.1/610973
_222
245 0 0 _aHigher education
_h[electronic resource] :
_baccess issues and financial aid avenues /
_ceditor, Jaclyn M. Morelli.
260 _aNew York :
_bNova Science Publishers,
_cc2010.
300 _aix, 159 p. :
_bill.
490 1 _aEducation in a competitive and globalizing world
504 _aIncludes bibliographical references and index.
533 _aElectronic reproduction.
_bPalo Alto, Calif. :
_cebrary,
_d2013.
_nAvailable via World Wide Web.
_nAccess may be limited to ebrary affiliated libraries.
650 0 _aUniversities and colleges
_zUnited States
_xAdmission.
650 0 _aStudent aid
_zUnited States
_xGovernment policy.
650 0 _aHigher education and state
_zUnited States.
655 7 _aElectronic books.
_2local
700 1 _aMorelli, Jaclyn M.
710 2 _aebrary, Inc.
830 0 _aEducation in a competitive and globalizing world series.
856 4 0 _uhttp://site.ebrary.com/lib/rucke/Doc?id=10662923
_zAn electronic book accessible through the World Wide Web; click to view
999 _c171299
_d171299